The Work injury benefits act, 2007 / (Record no. 13771)
[ view plain ]
| 000 -LEADER | |
|---|---|
| fixed length control field | 00906nam a22002652 4500 |
| 001 - CONTROL NUMBER | |
| control field | 0000020076 |
| 005 - DATE AND TIME OF LATEST TRANSACTION | |
| control field | 20151217155905.0 |
| 008 - FIXED-LENGTH DATA ELEMENTS--GENERAL INFORMATION | |
| fixed length control field | 110628s xx 000 0 eng d |
| 040 ## - CATALOGING SOURCE | |
| Original cataloging agency | KABU |
| Transcribing agency | KABU |
| 110 2# - MAIN ENTRY--CORPORATE NAME | |
| Corporate name or jurisdiction name as entry element | Kenya. |
| -- | 0000150215 |
| 245 14 - TITLE STATEMENT | |
| Title | The Work injury benefits act, 2007 / |
| Statement of responsibility, etc. | Republic of Kenya. |
| 250 ## - EDITION STATEMENT | |
| Edition statement | 1st ed. |
| 260 ## - PUBLICATION, DISTRIBUTION, ETC. (IMPRINT) | |
| Place of publication, distribution, etc. | Nairobi : |
| Name of publisher, distributor, etc. | Govt. Printer, |
| Date of publication, distribution, etc. | 2007. |
| 300 ## - PHYSICAL DESCRIPTION | |
| Extent | pp. 499 - 547. |
| 500 ## - GENERAL NOTE | |
| General note | Photocopy. |
| 650 #0 - SUBJECT ADDED ENTRY--TOPICAL TERM | |
| Topical term or geographic name as entry element | Workers' compensation |
| General subdivision | Law and legislation |
| Geographic subdivision | Kenya. |
| -- | 0000180144 |
| 908 ## - PUT COMMAND PARAMETER (RLIN) | |
| Put command parameter | 110628 |
| 950 ## - LOCAL HOLDINGS (RLIN) | |
| -- | 1 |
| Withdrawn status | Lost status | Source of classification or shelving scheme | Not for loan | Home library | Current library | Date acquired | Total Checkouts | Full call number | Barcode | Date last seen | Price effective from | Koha item type |
|---|---|---|---|---|---|---|---|---|---|---|---|---|
| Library of Congress Classification | Kabarak, Main Campus | Kabarak, Main Campus | 17/12/2015 | KSK1440 .K46 2007 c. 1 | 18979 | 17/12/2015 | 17/12/2015 | Africana Collection | ||||
| Library of Congress Classification | Kabarak, Main Campus | Kabarak, Main Campus | 17/12/2015 | KSK1440 .K46 2007 c. 2 | 18976 | 17/12/2015 | 17/12/2015 | Africana Collection | ||||
| Library of Congress Classification | Kabarak, Main Campus | Kabarak, Main Campus | 17/12/2015 | KSK1440 .K46 2007 c. 3 | 18974 | 17/12/2015 | 17/12/2015 | Africana Collection | ||||
| Library of Congress Classification | Kabarak, Main Campus | Kabarak, Main Campus | 17/12/2015 | KSK1440 .K46 2007 c. 4 | 18982 | 17/12/2015 | 17/12/2015 | Africana Collection | ||||
| Library of Congress Classification | Kabarak, Main Campus | Kabarak, Main Campus | 17/12/2015 | KSK1440 .K46 2007 c. 5 | 18983 | 17/12/2015 | 17/12/2015 | Africana Collection |